Statistics for Mario Kart Wii vehicles (British)

Click here to take the quiz!

General Stats

  • This quiz has been taken 11 times
  • The average score is 19 of 36

Answer Stats

Answer% Correct
Baby Booster
100%
Magikruiser
89%
Dolphin Dasher
78%
Quacker
78%
Blue Falcon
67%
Bowser Bike
67%
Bullet Bike
67%
Mach Bike
67%
Offroader
67%
Standard Kart S
67%
Torpedo
67%
Wario Bike
67%
Bubble Bike
56%
Flame Flyer
56%
Standard Bike L
56%
Standard Bike M
56%
Standard Bike S
56%
Standard Kart L
56%
Standard Kart M
56%
Wild Wing
56%
Cheep Charger
44%
Dragonetti
44%
Phantom
44%
Piranha Prowler
44%
Rally Romper
44%
Rapide
44%
B Dasher Mk. 2
33%
Bon Bon
33%
Concerto
33%
Nitrocycle
33%
Royal Racer
33%
Turbo Blooper
33%
Aeroglider
22%
Nano Bike
22%
Twinkle Star
22%
Nogstalgia 1
0%

Score Distribution

Percentile by Number Answered

Percent of People with Each Score

Your Score History

You have not taken this quiz